Test Your C++ Skills (Record no. 3776)

MARC details
000 -LEADER
fixed length control field 00370nam a2200157Ia 4500
008 - FIXED-LENGTH DATA ELEMENTS--GENERAL INFORMATION
fixed length control field 191201s2008 xx 000 0 und d
020 ## - INTERNATIONAL STANDARD BOOK NUMBER
International Standard Book Number 9788176565547
082 ## - DEWEY DECIMAL CLASSIFICATION NUMBER
Classification number 005.133
Item number KAT
100 ## - MAIN ENTRY--PERSONAL NAME
Personal name KANETKAR, Yashavant
245 #0 - TITLE STATEMENT
Title Test Your C++ Skills
250 ## - EDITION STATEMENT
Edition statement Rep.
260 ## - PUBLICATION, DISTRIBUTION, ETC. (IMPRINT)
Place of publication, distribution, etc N.Delhi
Name of publisher, distributor, etc BPB Publication
Date of publication, distribution, etc 2008
300 ## - PHYSICAL DESCRIPTION
Extent 389
650 ## - SUBJECT ADDED ENTRY--TOPICAL TERM
Topical term or geographic name as entry element MCA
942 ## - ADDED ENTRY ELEMENTS (KOHA)
Source of classification or shelving scheme Dewey Decimal Classification
Koha item type Text Books
Holdings
Withdrawn status Lost status Source of classification or shelving scheme Damaged status Not for loan Collection code Home library Current library Date acquired Source of acquisition Cost, normal purchase price Bill Number Total Checkouts Full call number Acc. no. / Barcode Date last seen Date last borrowed Bill Date Koha item type
    Dewey Decimal Classification     MCA PIET C-LIBRARY PIET C-LIBRARY 24/02/2009 J B C, New Delhi 210.00 SI-5377 1 005.133 KAT 11178 20/03/2021 10/03/2021 27/01/2009 Text Books
    Dewey Decimal Classification     MCA PIET C-LIBRARY PIET C-LIBRARY 24/02/2009 J B C, New Delhi 210.00 SI-5377 1 005.133 KAT 11179 18/12/2021 19/11/2021 27/01/2009 Text Books
    Dewey Decimal Classification     Computer Science & Engineering in Cyber Security PIET C-LIBRARY PIET C-LIBRARY 24/02/2009 J B C, New Delhi 210.00 SI-5377   005.133 KAT 11180 04/12/2019   27/01/2009 Text Books
    Dewey Decimal Classification     Computer Science & Engineering in Cyber Security PIET C-LIBRARY PIET C-LIBRARY 24/02/2009 J B C, New Delhi 210.00 SI-5377   005.133 KAT 11181 04/12/2019   27/01/2009 Text Books
    Dewey Decimal Classification     Computer Science & Engineering in Cyber Security PIET C-LIBRARY PIET C-LIBRARY 24/02/2009 J B C, New Delhi 210.00 SI-5377 1 005.133 KAT 11182 11/10/2024 09/10/2024 27/01/2009 Text Books

Design & Developed by: PIET Central Library
R70 Miles Stone Pattikalyana Samalkha Panipat 132102
mail ID :- [email protected], Phone No:- 0180-2569700 Ex.216